Antología poética / (Record no. 14747)

MARC details
000 -LEADER
campo de control de longitud fija 00770nam a2200229 i 4500
001 - NÚMERO DE CONTROL
campo de control 14747
003 - IDENTIFICADOR DE NÚMERO DE CONTROL
campo de control ES-MaACL
005 - FECHA Y HORA DE LA ÚLTIMA TRANSACCIÓN
campo de control 20240418063055.0
007 - CAMPO FIJO DE DESCRIPCIÓN FÍSICA--INFORMACIÓN GENERAL
campo de control de longitud fija t|
008 - DATOS DE LONGITUD FIJA--INFORMACIÓN GENERAL
campo de control de longitud fija 990531s1988 it ||||1| ita d
080 ## - NÚMERO DE LA CLASIFICACIÓN DECIMAL UNIVERSAL
Número de la Clasificación Decimal Universal 821.134.2-14"19"
100 1# - ENTRADA PRINCIPAL--NOMBRE DE PERSONA
Nombre de persona Lentini, Javier,
Fechas asociadas al nombre 1929-1995
9 (RLIN) 71549
245 10 - MENCIÓN DEL TÍTULO
Título Antología poética /
Mención de responsabilidad, etc. Javier Lentini ; testi scelti e tradotti da Emilio Coco.
260 ## - PUBLICACIÓN, DISTRIBUCIÓN, ETC.
Lugar de publicación, distribución, etc. Bari :
Nombre del editor, distribuidor, etc. Levante Editori,
Fecha de publicación, distribución, etc. [1988]
300 ## - DESCRIPCIÓN FÍSICA
Extensión 131 p. ;
Dimensiones 17 cm.
490 1# - MENCIÓN DE SERIE
Mención de serie I Quaderni di abanico ;
Designación de volumen o secuencia 2-3
500 ## - NOTA GENERAL
Nota general Texto bilingüe en italiano y castellano.
700 1# - ENTRADA AGREGADA--NOMBRE PERSONAL
Nombre de persona Coco, Emilio.
9 (RLIN) 39407
830 0# - PUNTO DE ACCESO ADICIONAL DE SERIE-TÍTULO UNIFORME
Título uniforme I Quaderni di abanico ;
Designación de volumen o secuencia 2-3
9 (RLIN) 179662
852 ## - LOCALIZACIÓN
Ubicación ES-MaACL
Número de control de estantería L-21860
Sublocalización o colección R.116204
condición física . - Ded. autógr. del autor
Holdings
Estatus retirado Estado de pérdida Estado de daño No para préstamo Biblioteca de origen Biblioteca actual Ubicación en estantería Fecha de adquisición Fuente de adquisición Total de préstamos Signatura topográfica completa Código de barras Visto por última vez Precio de reemplazo Tipo de ítem Koha
        Biblioteca del Ateneo de Madrid Biblioteca del Ateneo de Madrid Depósito 2 17/01/2008     L-21860 1014996 23/02/2023 23/02/2023 Libro impreso